000 00384nam a2200133Ia 4500
008 151001s9999||||xx |||||||||||||| ||und||
100 _aसंजीव श्रीवास्तव
245 _aशिक्षात्मक प्रसंग
250 _a1
260 _bआर्यन प्रकाशन
260 _c2005
300 _a143
365 _b21
999 _c985854
_d985851